[Event "Karlsruhe Grenke op"]
[Site "Karlsruhe"]
[Date "2025.04.17"]
[Round "1"]
[White "Turel, Tugrul"]
[Black "Pultinevicius, Paulius"]
[Result "0-1"]
[WhiteElo "2110"]
[BlackElo "2558"]
[PlyCount "80"]
[EventDate "2025.04.17"]
[EventType "swiss"]
[EventRounds "9"]
[EventCountry "GER"]
[SourceTitle "CB17_2025"]
[SourceDate "2025.04.23"]
[SourceVersion "1"]
[SourceVersionDate "2025.04.23"]
[SourceQuality "1"]

1. e4 c6 2. d4 d5 3. Nc3 dxe4 4. Nxe4 Bf5 5. Ng3 Bg6 6. h4 h6 7. Nf3 Nd7 8. h5 Bh7 9. Bd3 Bxd3 10. Qxd3 e6 11. Bd2 Ngf6 12. 0-0-0 Be7 13. Kb1 0-0 14. c4 b5 15. Ne4 Nxe4 16. Qxe4 bxc4 17. Qxc6 Rc8 18. Qa6 Nf6 19. Rhe1 Qb6 20. Qxb6 axb6 21. Re5 Nd5 22. Rc1 b5 23. a3 Ra8 24. Re2 Ra6 25. Ne5 Rfa8 26. Kc2 Bg5 27. g3 Bxd2 28. Kxd2 Rd8 29. g4 c3+ 30. bxc3 Rxa3 31. Nd3 b4 32. cxb4 Nxb4 33. Rc3 Ra2+ 34. Kd1 Ra1+ 35. Kd2 Rxd4 36. Ke3 Rxg4 37. Rc8+ Kh7 38. Ne5 Ra3+ 39. Kd2 Rd4+ 40. Kc1 Ra1+ 0-1

[Event "Bayern-ch 95th"]
[Site "Rosenheim"]
[Date "2024.08.27"]
[Round "4"]
[White "Turel, Tugrul"]
[Black "Kaiser, Richard"]
[Result "1-0"]
[WhiteElo "2033"]
[BlackElo "2019"]
[PlyCount "107"]
[EventDate "2024.08.25"]
[EventType "swiss"]
[EventRounds "9"]
[EventCountry "GER"]
[SourceTitle "CBM 221 Extra"]
[Source "ChessBase"]
[SourceDate "2024.09.30"]
[SourceVersion "1"]
[SourceVersionDate "2024.09.30"]
[SourceQuality "1"]

1. e4 e6 2. d4 d5 3. Nd2 a6 4. Ngf3 Nf6 5. e5 Nfd7 6. Bd3 c5 7. c3 Nc6 8. 0-0 g5 9. Bb1 g4 10. Ne1 cxd4 11. cxd4 Nxd4 12. Qxg4 Qb6 13. Nd3 h5 14. Qd1 Bg7 15. Re1 Nc6 16. Nf3 Qc7 17. Bf4 h4 18. h3 Nf8 19. Qe2 Ng6 20. Bg5 Bd7 21. Qe3 Rc8 22. a3 Qb8 23. b4 Rh5 24. Nf4 Nxf4 25. Qxf4 Rh8 26. Bf6 Bxf6 27. Qxf6 Rf8 28. Ng5 Ne7 29. Nh7 Rg8 30. Qh6 Kd8 31. Nf6 Kc7 32. Nxg8 Rxg8 33. Qxh4 Qf8 34. Bd3 Ng6 35. Bxg6 Rxg6 36. Rac1+ Bc6 37. Rc3 d4 38. Rg3 Rxg3 39. Qxg3 Qd8 40. Rd1 Qd5 41. Qf3 Qxe5 42. Qxf7+ Kb6 43. Qe7 Qe4 44. Qd8+ Kb5 45. Qg5+ e5 46. f3 Qd5 47. Re1 e4 48. Qxd5+ Bxd5 49. fxe4 Bb3 50. Kf2 Bc2 51. e5 Kc4 52. e6 Bg6 53. e7 Be8 54. Rc1+ 1-0

[Event "Bayern-ch 95th"]
[Site "Rosenheim"]
[Date "2024.08.27"]
[Round "3"]
[White "Uphoff, Lennart"]
[Black "Turel, Tugrul"]
[Result "0-1"]
[WhiteElo "2197"]
[BlackElo "2033"]
[PlyCount "86"]
[EventDate "2024.08.25"]
[EventType "swiss"]
[EventRounds "9"]
[EventCountry "GER"]
[SourceTitle "CBM 221 Extra"]
[Source "ChessBase"]
[SourceDate "2024.09.30"]
[SourceVersion "1"]
[SourceVersionDate "2024.09.30"]
[SourceQuality "1"]

1. e4 e5 2. Nf3 Nc6 3. Nc3 Nf6 4. d4 exd4 5. Nxd4 Bb4 6. Nxc6 bxc6 7. Bd3 d5 8. exd5 cxd5 9. 0-0 0-0 10. h3 c6 11. Qf3 Bd6 12. Bf4 Rb8 13. b3 Qc7 14. Bxd6 Qxd6 15. Rfe1 Bb7 16. Qe3 c5 17. Qe7 Qc6 18. Bb5 Qb6 19. Ba4 d4 20. Ne2 Rfe8 21. Bxe8 Rxe8 22. Qxe8+ Nxe8 23. Nxd4 Nf6 24. Nf5 g6 25. Ne3 Nd5 26. Nxd5 Bxd5 27. c4 Be6 28. Rad1 g5 29. Re5 h6 30. Rd3 Qa5 31. a4 Qc7 32. Rde3 Qd6 33. Re1 Kf8 34. g4 Ke7 35. Rd5 Qb6 36. Re3 Kf6 37. Rf3+ Kg6 38. Re5 Qd6 39. Re1 Bc8 40. Rfe3 Bb7 41. Re5 h5 42. gxh5+ Kxh5 43. Re7 Qc6 0-1

[Event "Split op 13th"]
[Site "Split"]
[Date "2024.08.04"]
[Round "2"]
[White "Turel, Tugrul"]
[Black "Rogic, Davor"]
[Result "1/2-1/2"]
[WhiteElo "2033"]
[BlackElo "2378"]
[PlyCount "75"]
[EventDate "2024.08.03"]
[EventType "swiss"]
[EventRounds "10"]
[EventCountry "CRO"]
[SourceTitle "CBM 221 Extra"]
[Source "ChessBase"]
[SourceDate "2024.09.30"]
[SourceVersion "1"]
[SourceVersionDate "2024.09.30"]
[SourceQuality "1"]

1. e4 e5 2. Nf3 Nc6 3. Bc4 Bc5 4. c3 Nf6 5. d3 d6 6. 0-0 h6 7. Re1 0-0 8. h3 Bb6 9. Nbd2 Ne7 10. Bb3 c6 11. Nf1 Ng6 12. Ng3 d5 13. exd5 Nxd5 14. d4 exd4 15. Nxd4 Ndf4 16. Qf3 Bc7 17. Bxf4 Bxf4 18. Rad1 Qc7 19. Nh5 Be5 20. Qe4 Kh8 21. Nf3 Re8 22. Nxe5 Rxe5 23. Qf3 Be6 24. Bxe6 Rxe6 25. Rxe6 fxe6 26. Qe4 Nf8 27. Nf4 Re8 28. Ng6+ Nxg6 29. Qxg6 Qe7 30. Qd3 Qf6 31. Qd4 Qf5 32. Qd3 Qf7 33. Qd7 Re7 34. Qd8+ Kh7 35. Qd3+ Kg8 36. Qd8+ Kh7 37. Qd3+ Kg8 38. Qd8+ 1/2-1/2